| 000 | 00565nam a22001697a 4500 | ||
|---|---|---|---|
| 003 | NUST | ||
| 038 | _aNusrat Nadeem | ||
| 082 | _a200 | ||
| 100 |
_aKhan, Umar _922952 |
||
| 245 |
_aQuantifying Severity of Symptoms in Patients with Parkinson’s Disease Using Wearable Sensors and Machine Learning / _cUmar Khan |
||
| 264 |
_aIslamabad : _bSEECS, NUST, _c2022. |
||
| 300 | _a76 p. ; | ||
| 650 |
_aMS-Computer Science _926780 |
||
| 700 |
_aSupervisor: Dr. Qaiser Riaz _996872 |
||
| 856 | _uhttp://10.250.8.41:8080/xmlui/handle/123456789/29949 | ||
| 942 |
_2ddc _cSC |
||
| 999 |
_c590994 _d590994 |
||